Keys of Hungarian Rhapsodies - Statistics

General Stats
  • This quiz has been taken 19 times
  • The average score is 14 of 19
Answer Stats
Hungarian Rhapsody Answer % Correct
No.7 D minor
88%
No.17 D minor
88%
No.19 D minor
88%
No.11 A minor
75%
No.13 A minor
75%
No.15 A minor
75%
No.16 A minor
75%
No.3 B flat Major
75%
No.1 C sharp minor
75%
No.2 C sharp minor
75%
No.12 C sharp minor
75%
No.6 D flat Major
75%
No.4 E flat Major
63%
No.9 E flat Major
63%
No.10 E Major
63%
No.5 E minor
63%
No.8 F sharp minor
63%
No.18 F sharp minor
63%
No.14 F minor
50%
No matching quizzes found
Score Distribution
Percent of People with Each Score
Percentile by Number Answered
Your Score History
You have not taken this quiz